01065nam a2200265Ia 450000100060000000300090000600800410001504000130005604000130006904100130008210000160009510000290011124000410014024000350018124500680021624500680028425000110035226000090036326000110037226000490038330000430043250002670047565000260074265000310076816217IT-RoPAU130308s9999 xx 000 0 und d aIT-RoPAU cIT-RoPAU aITALIANO aSchaff Adam gCodice Aut. SPICS: 1513 aERKENNTNISTHEORIE - LOGIK - SEMANTIK gCodice Tit. Orig. Spics: T0805 aTeoria della conoscenza logica e semantica (Saggi filosofici-1) bTeoria della Conoscenza Logica e Semantica (Saggi Filosofici-1) a1a ed. aBARI bDedalo c1977 [1° Ed.:1977 - Ed.Ling.Originale:1975] a"204 p. (prefazione: no ; testo: 204)" aDialettica marxista e Principio di Contraddizione Espressioni Indeterminate e Limiti della Loro Precisazione Lingua e Agire Umano Sociolinguistica Oggettività della Conoscenza Storica Particità Dello Storico Comprensione del Linguaggio Verbale e della Musica aFILOSOFIA LINGUISTICA eCodice materia Spics: 3101